Parhaat elokuvat - Statistics

Yleistilastot
  • Tätä visaa on pelattu 68 kertaa
  • Keskiarvotulos 5 / 20
Vastaustilastot
rating julkaisuvuosi elokuva % Oikein
9.2 1972 Kummisetä
72%
9.3 1994 Rita Hayworth - Avain pakoon
50%
8.8 1994 Forrest Gump
41%
9.0 1974 Kummisetä osa II
40%
8.8 1994 Pulp Fiction: Tarinoita väkivallasta
38%
8.7 2014 Interstellar
31%
9.1 2008 Yön ritari
31%
8.8 2010 Inception
28%
8.8 1999 Fight Club
26%
8.6 1995 Seitsemän
24%
9.0 1957 Valamiesten ratkaisu
21%
8.8 1966 Hyvät, pahat ja rumat
17%
8.7 1999 Matrix
17%
8.6 1975 Yksi lensi yli käenpesän
17%
8.7 1990 Mafiaveljet
16%
9.0 1993 Schindlerin lista
16%
8.7 1980 Imperiumin vastaisku
12%
9.0 2003 Taru sormusten herrasta: Kuninkaan paluu
12%
8.8 2002 Taru sormusten herrasta: Kaksi tornia
10%
8.9 2001 Taru sormusten herrasta: Sormuksen ritarit
9%
Ehtoja vastaavia visoja ei löytynyt
Tulosjakauma
Jokaisen tuloksen saaneiden osuus
Persentiili vastausten määrän mukaan
Tuloshistoriasi
Et ole pelannut tätä visaa